| 000 | 00852nam a22002417a 4500 | ||
|---|---|---|---|
| 003 | DO-SdBNP | ||
| 005 | 20240212072455.0 | ||
| 008 | 220330b2010 dr ||| 00| 0 spa d | ||
| 020 | _a9789945003147 | ||
| 040 |
_aBPMSU _bspa _cBPMSU |
||
| 082 | 4 |
_a305.567 _bR466e 2010 _222 |
|
| 100 | 1 | _aReynoso Medina, Araceli | |
| 245 |
_aEsclavitud y trabajo en los obrajes de Coyoacán Siglo XVII / _cAraceli Reynoso Medina |
||
| 260 |
_aSanto Domingo: _bListín Diario _c2010 |
||
| 300 |
_a227 p; _c23 cm |
||
| 500 | _aIncluye datos biográficos del autor en las solapas | ||
| 650 | 4 |
_aEsclavitud _xHistoria. _zCaribe (Región) |
|
| 650 | 4 |
_aEsclavitud. _xHistoria _zAmérica Latina |
|
| 650 | 4 |
_aEsclavitud _xHistoria _zEspaña. |
|
| 651 | 4 |
_aCoyoacán (México) _xHistoria. _ySiglo XVIII |
|
| 910 | _aVMateo V. Control de calidad. BPMSU | ||
| 942 |
_2ddc _cBK |
||
| 999 |
_c14125 _d14125 |
||